000 00754nam a2200265Ia 4500
001 35635
003 IT-RoPAU
008 130308s9999 xx 000 0 und d
040 _aIT-RoPAU
040 _cIT-RoPAU
041 _aITALIANO
100 _aGeorgiades Thrasybulos
100 _gCodice Aut. SPICS: 14689
245 2 _aA proposito del linguaggio musicale del teatro mozartiano
245 _b"Saggi Sul ""Cosi' Fan Tutte"" di W.A. Mozart"
260 _bs.e. (senza Editrice o non identificata)
260 _c1986 [1° Ed.:1986 - Ed.Ling.Originale:]
300 _a"22 p. (prefazione: no ; testo: 22)"
650 _aSAGGI MUSICALI
650 _eCodice materia Spics: 7011
942 _cBK
957 _71
999 _c59621
_d59621
999 _bSI
999 _g1